LEADER 01313nam0 22002771i 450 001 UON00309503 005 20231205104048.757 100 $a20080319d1913 |0itac50 ba 101 $aeng 102 $aGB 105 $a|||| 1|||| 200 1 $aˆThe ‰poetical works of William Blake$eincluding the unpublished French revolution together with the Minor prophetic books and selections from The four, Zoas, Milton & Jerusalem$fwith an introduction and textual notes by John Sampson 210 $aLondon [etc.]$cOxford University Press$d1913 215 $alvi, 453 p.$cill.$d20 cm. 410 1$1001UON00433672$12001 $aOxford Edition$1210 $aLondon$cOxford University press 620 $aGB$dLondon$3UONL003044 676 $a821.7$cPoesia inglese. 1800-1837$v21 700 1$aBlake$bWilliam$3UONV113580$0131320 702 1$aSAMPSON$bJohn$3UONV177145 712 $aOxford University Press$3UONV245947$4650 801 $aIT$bSOL$c20260213$gRICA 899 $aSIBA - SISTEMA BIBLIOTECARIO DI ATENEO E ARCHIVIO STORICO$2UONSI 912 $aUON00309503 950 $aSIBA - SISTEMA BIBLIOTECARIO DI ATENEO E ARCHIVIO STORICO$dSI Angl IV A BLA 05 $eSI MR 9043 5 05 996 $aPoetical Works of William Blake$91227744 997 $aUNIOR